Los instrumentos electronicos. Parte 6. Los generadores de senal (Registro nro. 111783)

Detalles MARC
001 - NÚMERO DE CONTROL
campo de control 374880
005 - FECHA Y HORA DE LA ÚLTIMA TRANSACCIÓN
campo de control 20240201130937.0
008 - DATOS DE LONGITUD FIJA--INFORMACIÓN GENERAL
campo de control de longitud fija 990422nuuuuuuuu spa
035 ## - NÚMERO DE CONTROL DEL SISTEMA
Número de control de sistema 374880
035 ## - NÚMERO DE CONTROL DEL SISTEMA
Número de control de sistema (OCoLC)819777843
040 ## - FUENTE DE LA CATALOGACIÓN
Centro/agencia transcriptor comduadb
041 ## - CÓDIGO DE LENGUA
Código de lengua del texto/banda sonora o título independiente spa
100 10 - ENTRADA PRINCIPAL--NOMBRE DE PERSONA
Nombre de persona Gonzalez G., Felipe
Código de función aut
Término indicativo de función/relación Autor/a
9 (RLIN) 508645
245 14 - MENCIÓN DE TÍTULO
Título Los instrumentos electronicos. Parte 6. Los generadores de senal
650 ## - PUNTO DE ACCESO ADICIONAL DE MATERIA--TÉRMINO DE MATERIA
Término de materia o nombre geográfico como elemento de entrada Generadores de señales
9 (RLIN) 42548
650 #0 - PUNTO DE ACCESO ADICIONAL DE MATERIA--TÉRMINO DE MATERIA
Término de materia o nombre geográfico como elemento de entrada Instrumentos electrónicos
9 (RLIN) 1914
650 ## - PUNTO DE ACCESO ADICIONAL DE MATERIA--TÉRMINO DE MATERIA
Término de materia o nombre geográfico como elemento de entrada Mediciones electrónicas
9 (RLIN) 173031
773 0# - ENLACE AL DOCUMENTO FUENTE/ENTRADA DE REGISTRO ANFITRIÓN
Título Electrónica & Computadores (Pereira)
Parte(s) relacionada(s) No. 018, Jan. 1996, p. 42-45
Número de control del registro 939353
Número Internacional Normalizado para Publicaciones Seriadas 0121-9138
Número bibliográfico anfitrión 361486
942 ## - ELEMENTOS DE ENTRADA AGREGADA (KOHA)
Tipo de ítem Koha Artículo de Revista

No hay ítems disponibles.